3 Real & 1 Fake ~ Crayola Crayon Colors - Statistics

General Stats
  • This quiz has been taken 578 times
  • The average score is 10 of 20
Answer Stats
Question Answer % Correct
Which one is fake? Golden Retriever
87%
Which one is fake? P!nk
82%
Which one is fake? Gin & Tonic
76%
Which one is fake? Metal
73%
Which one is fake? Holy Moley Guacamole
69%
Which one is fake? Pear
69%
Which one is fake? Cupid's Arrow Pink
67%
Which one is fake? Out of the Blue
56%
Which one is fake? Blissful Blue
51%
Which one is fake? Sassafras
42%
Which one is fake? Arctic Snow
40%
Which one is fake? Shamrock Shake
38%
Which one is fake? Khaki
36%
Which one is fake? Sunflower
36%
Which one is fake? Honeydew Melon
33%
Which one is fake? Tiffany Blue
33%
Which one is fake? Lime Green
29%
Which one is fake? Purple Royale
29%
Which one is fake? Green Grass
24%
Which one is fake? Yellin' Yellow
24%
No matching quizzes found
Score Distribution
Percent of People with Each Score
Percentile by Number Answered
Your Score History
You have not taken this quiz